Wł. Zajączkowski przedstawił referat pt. Zapożyczenia litewskie w języku Karaimów trockich

Elmentve itt :
Bibliográfiai részletek
Szerző: Zajączkowski Włodzimierz
Dokumentumtípus: Cikk
Megjelent: Drukarnia Uniw. Jagiell. [Kraków] 1948
Sorozat:Sprawozdań Polskiej Akademji Umiejętnosci
Kulcsszavak:Karaim nyelv - litván jövevényszavak
Tárgyszavak:
Online Access:http://misc.bibl.u-szeged.hu/65308
LEADER 00890nab a2200229 i 4500
001 misc65308
005 20240919092126.0
008 240214s1948 hu o 000 pol d
040 |a SZTE Miscellanea Repozitórium  |b hun 
041 |a pol 
100 1 |a Zajączkowski Włodzimierz 
245 1 0 |a Wł. Zajączkowski przedstawił referat pt. Zapożyczenia litewskie w języku Karaimów trockich  |h [elektronikus dokumentum] /  |c  Zajączkowski Włodzimierz 
260 |a Drukarnia Uniw. Jagiell.  |b [Kraków]  |c 1948 
300 |a 360-362  |c 24 cm 
300 |a [3] p.  |c 24 cm 
490 0 |a Sprawozdań Polskiej Akademji Umiejętnosci 
561 |a Németh Gyula hagyaték 
591 |a NOA 6516 
650 4 |a Bölcsészettudományok 
650 4 |a Nyelvek és irodalom 
695 |a Karaim nyelv - litván jövevényszavak 
856 4 0 |u http://misc.bibl.u-szeged.hu/65308/1/6516_noa.pdf  |z Dokumentum-elérés